| 000 | 00418nam a2200157Ia 4500 | ||
|---|---|---|---|
| 008 | 120926t1985 xxu||||| |||| 00| 0 sin d | ||
| 041 | _asin | ||
| 080 |
_a8 S(3 - 053. 2) (21) (Yo _bth) |
||
| 245 | _aමුතු තෑග්ග | ||
| 246 | _aMuthu Thagga | ||
| 260 |
_aLake House Publishers _aColombo _c1985 |
||
| 300 | _b59p, ill, 21 cm | ||
| 942 | _cBK | ||
| 999 |
_c42852 _d42852 |
||
| 003 | LK-CoDNM | ||
| 040 |
_aLK-CoDNM _dLK-CoDNM _eLK-CoDNM |
||